Advances in Titicaca basin archaeology / (Record no. 320146)
[ view plain ]
| 000 -LEADER | |
|---|---|
| fixed length control field | 01317nam a2200313 a 4500 |
| 001 - CONTROL NUMBER | |
| control field | 000950987 |
| 003 - CONTROL NUMBER IDENTIFIER | |
| control field | AM-YeHGA |
| 005 - DATE AND TIME OF LATEST TRANSACTION | |
| control field | 20250617145905.0 |
| 008 - FIXED-LENGTH DATA ELEMENTS--GENERAL INFORMATION | |
| fixed length control field | 130312s2012 miua r 000 0 eng d |
| 020 ## - INTERNATIONAL STANDARD BOOK NUMBER | |
| International Standard Book Number | 9780915703784 |
| 040 ## - CATALOGING SOURCE | |
| Original cataloging agency | AM-YeHGA |
| 041 0# - LANGUAGE CODE | |
| Language code of text/sound track or separate title | eng |
| 090 ## - LOCALLY ASSIGNED LC-TYPE CALL NUMBER (OCLC); LOCAL CALL NUMBER (RLIN) | |
| -- | 321881 |
| 245 00 - TITLE STATEMENT | |
| Title | Advances in Titicaca basin archaeology / |
| Statement of responsibility, etc. | Edited by Alexei Vranich, Elizabeth A. Klarich and Charles Stanish. |
| 260 ## - PUBLICATION, DISTRIBUTION, ETC. | |
| Place of publication, distribution, etc. | Ann Arbor : |
| Name of publisher, distributor, etc. | Museum of Anthropology, University of Michigan, |
| Date of publication, distribution, etc. | 2012. |
| 300 ## - PHYSICAL DESCRIPTION | |
| Extent | v. : |
| Other physical details | ill. |
| 490 1# - SERIES STATEMENT | |
| Series statement | Latin American Ethnohistory & Archaeology; |
| Volume/sequential designation | Vol. 9 |
| 490 1# - SERIES STATEMENT | |
| Series statement | Memoirs of the Museum of Anthropology University of Michigan |
| Volume/sequential designation | Vol. 51 (Vol.3) |
| 504 ## - BIBLIOGRAPHY, ETC. NOTE | |
| Bibliography, etc. note | Includes bibliogr. references and index |
| 505 10 - FORMATTED CONTENTS NOTE | |
| Miscellaneous information | Vol. 3.(2012, 318 p.) |
| 650 14 - SUBJECT ADDED ENTRY--TOPICAL TERM | |
| Topical term or geographic name entry element | Indians of South America |
| Geographic subdivision | Titicaca Lake Region (Peru and Bolilvia) |
| General subdivision | Antiquities |
| 650 14 - SUBJECT ADDED ENTRY--TOPICAL TERM | |
| Topical term or geographic name entry element | Tiwanaku culture |
| Geographic subdivision | Titicaca Lake Region (Peru and Bolilvia) |
| 650 14 - SUBJECT ADDED ENTRY--TOPICAL TERM | |
| Topical term or geographic name entry element | Excavations (Archaeology) |
| Geographic subdivision | Titicaca Lake Region (Peru and Bolilvia) |
| 651 #4 - SUBJECT ADDED ENTRY--GEOGRAPHIC NAME | |
| Geographic name | Titicaca Lake Region (Peru and Bolilvia) |
| General subdivision | Antiquities |
| 700 1# - ADDED ENTRY--PERSONAL NAME | |
| Personal name | Vranich, Alexei, |
| Dates associated with a name | 1968- |
| 700 1# - ADDED ENTRY--PERSONAL NAME | |
| Personal name | Klarich, Elizabeth A., |
| Dates associated with a name | 1973- |
| 700 1# - ADDED ENTRY--PERSONAL NAME | |
| Personal name | Stanish, Charles, |
| Dates associated with a name | 1956- |
| 830 #0 - SERIES ADDED ENTRY--UNIFORM TITLE | |
| Uniform title | Memoirs of the Museum of Anthropology University of Michigan |
| Volume/sequential designation | Nr. 51(Vol. 3) |
| Withdrawn status | Lost status | Damaged status | Not for loan | Collection | Home library | Current library | Date acquired | Cost, normal purchase price | Serial enumeration / chronology | Shelving control number | Total checkouts | Full call number | Barcode | Date last seen | Price effective from | Koha item type | Public note |
|---|---|---|---|---|---|---|---|---|---|---|---|---|---|---|---|---|---|
| General | Fundamental Scientific Library | Fundamental Scientific Library | 09/01/2017 | 7000.00 | Vol. 3 | ПИ 1323/51 | FL0256510 | 09/01/2017 | 09/01/2017 | Գրքեր / Books | 30 Days Loan |
ՀՀ Գիտությունների ազգային ակադեմիայի հիմնարար գիտական գրադարան = Fundamental Scientific Library of NAS RA
All site content, except where otherwise noted, is licensed under a